01050 a2200193 45000010006000000050017000060080041000230030015000640400040000790800048001192450131001672640050002983000019003485050408003670410008007751000018007837000032008017000023008334316820260407155715.0260407a2000 arg spa dAR-UNSa-BCEJYS aAR-UNSa-BCEJYSbspacAR-UNSa-BCEJYS a314xDemografía. Estudios de población 10aEvolución y características de la población en las provincias de Mendoza y San Juanp(contribuciones para su inventario) 1aMendoza :bUniversidad Nacional de Cuyoc2000 a138 p.c29 cm. a1. Fuentes de información y calidad de los datos utilizados - 2. Evolución de la población - 3. El crecimiento natural - 4. Distribución de la población en la Región de Cuyo - 5. Características socio-demográficas de la población - 6. Movimientos migratorios - 7. Educación - Alfabetización - 8. Población económicamente activa - 9. Marginalidad social - 10. Conclusión final aspa1 aArboit, Lidia1 aTrifiró, María Cristina1 aTorreblanca, Norma